Estrategias de investigación cualitativa (Registro nro. 3278)

Detalles MARC
000 -LEADER
fixed length control field 01247 a2200229 4500
001 - CONTROL NUMBER
control field 40628
005 - DATE AND TIME OF LATEST TRANSACTION
control field 20260407155702.0
008 - FIXED-LENGTH DATA ELEMENTS--GENERAL INFORMATION
fixed length control field 260407a2015 arg spa d
003 - CONTROL NUMBER IDENTIFIER
control field AR-UNSa-BCEJYS
040 ## - CATALOGING SOURCE
Original cataloging agency AR-UNSa-BCEJYS
Language of cataloging spa
Transcribing agency AR-UNSa-BCEJYS
080 ## - UNIVERSAL DECIMAL CLASSIFICATION NUMBER
Universal Decimal Classification number 001.8
Common auxiliary subdivision Metodología. Estudio general del método. Procedimientos científicos y técnicos para el estudio, La investigación y la discusión
020 ## - INTERNATIONAL STANDARD BOOK NUMBER
International Standard Book Number 978-84-9784-173-3
041 ## - LANGUAGE CODE
Language code of text/sound track or separate title spa
100 1# - MAIN ENTRY--PERSONAL NAME
Personal name Vasilachis de Gialdino, Irene
245 10 - TITLE STATEMENT
Title Estrategias de investigación cualitativa
264 #1 - PRODUCTION, PUBLICATION, DISTRIBUTION, MANUFACTURE, AND COPYRIGHT NOTICE
Place of production, publication, distribution, manufacture Barcelona :
Name of producer, publisher, distributor, manufacturer Gedisa
Date of production, publication, distribution, manufacture, or copyright notice 2015
300 ## - PHYSICAL DESCRIPTION
Extent 277 p.
Dimensions 23 cm.
505 ## - FORMATTED CONTENTS NOTE
Formatted contents note 1. La investigación cualitativa - 2. Los componentes del diseño flexible en la investigación cualitativa - 3. El abordaje etnográfico en la investigación social - 4. La teoría fundamentada en los datos (Grounded Theory) de Glaser y Strauss - 5. Historia de vida y métodos biográficos - 6. Los estudios de caso en la investigación sociológica - 7. El uso de la computadora como auxiliar en el análisis de datos cualitativos -
590 ## - LOCAL NOTE (RLIN)
Local note niveau_biblio:m niveau_hierar:0
856 41 - ELECTRONIC LOCATION AND ACCESS
Uniform Resource Identifier <a href="https://biblioeco.unsa.edu.ar/pmb/images/libros/L126230.jpg">https://biblioeco.unsa.edu.ar/pmb/images/libros/L126230.jpg</a>
Link text Imagen de portada
Electronic format type image/jpeg
942 ## - ADDED ENTRY ELEMENTS (KOHA)
Koha item type
Existencias
Withdrawn status Lost status Damaged status Not for loan Home library Current library Shelving location Date acquired Total checkouts Full call number Barcode Date last seen Price effective from Koha item type
        Biblioteca Prof. Eusebio Cleto del Rey Biblioteca Prof. Eusebio Cleto del Rey   07/04/2026   P001.8 V334 L126230 07/04/2026 07/04/2026 Libro
        Biblioteca Prof. Eusebio Cleto del Rey Biblioteca Prof. Eusebio Cleto del Rey   07/04/2026   P001.8 V334 L126231 07/04/2026 07/04/2026 Libro